[Event "Florianopolis op 2nd"]
[Site "Florianopolis"]
[Date "2016.01.19"]
[Round "5"]
[White "Molina, Roberto Junio Brito"]
[Black "Delgado Ramirez, Neuris"]
[Result "1/2-1/2"]
[WhiteElo "2436"]
[BlackElo "2609"]
[PlyCount "67"]
[EventDate "2016.01.16"]
[EventType "swiss"]
[EventRounds "10"]
[EventCountry "BRA"]
[SourceTitle "CBM 170 Extra"]
[Source "ChessBase"]
[SourceDate "2016.02.25"]
[SourceVersion "1"]
[SourceVersionDate "2016.02.25"]
[SourceQuality "1"]

1. d4 Nf6 2. c4 e6 3. g3 Bb4+ 4. Bd2 Be7 5. Bg2 d5 6. Nf3 O-O 7. O-O c6 8. Qc2
a5 9. Bg5 b6 10. Ne5 Ba6 11. Rd1 h6 12. Bf4 Nh5 13. Be3 Bd6 14. Nd2 Nf6 15.
Ndf3 Nfd7 16. b3 Nxe5 17. Nxe5 Bb7 18. Bf4 Na6 19. e4 Qe7 20. Qe2 Nc7 21. Rac1
Rad8 22. c5 bxc5 23. dxc5 Bxc5 24. Nxc6 Bxc6 25. Bxc7 Qxc7 26. Rxc5 Qb6 27.
Rdc1 Ba8 28. exd5 Bxd5 29. Qb5 Qxb5 30. Rxb5 Bxg2 31. Kxg2 a4 32. bxa4 Rd2 33.
a3 Rd3 34. Ra1 1/2-1/2

[Event "Florianopolis op 2nd"]
[Site "Florianopolis"]
[Date "2016.01.19"]
[Round "6"]
[White "Delgado Ramirez, Neuris"]
[Black "Matsuura, Everaldo"]
[Result "1-0"]
[WhiteElo "2609"]
[BlackElo "2486"]
[PlyCount "63"]
[EventDate "2016.01.16"]
[EventType "swiss"]
[EventRounds "10"]
[EventCountry "BRA"]
[SourceTitle "CBM 170 Extra"]
[Source "ChessBase"]
[SourceDate "2016.02.25"]
[SourceVersion "1"]
[SourceVersionDate "2016.02.25"]
[SourceQuality "1"]

1. e4 d5 2. exd5 Nf6 3. Bb5+ Nbd7 4. d4 Nxd5 5. Nf3 g6 6. Bc4 c6 7. O-O Bg7 8.
Re1 O-O 9. Bb3 N7f6 10. c4 Nc7 11. h3 Be6 12. Bf4 b5 13. Nbd2 bxc4 14. Nxc4 Bd5
15. Bd2 Ne6 16. Ba5 Qc8 17. Rc1 Bxf3 18. Qxf3 Nxd4 19. Qd3 Nxb3 20. Qxb3 Nd5
21. Ne5 Bxe5 22. Rxe5 Qa6 23. Bd2 Rab8 24. Qc2 Qxa2 25. Qxc6 e6 26. Bh6 Rfe8
27. Re2 Ne7 28. Qc3 Nf5 29. Bf4 Qa6 30. Rec2 Rb6 31. Bc7 e5 32. Bxb6 1-0

[Event "Florianopolis op 2nd"]
[Site "Florianopolis"]
[Date "2016.01.20"]
[Round "7"]
[White "Slavin, Alexei"]
[Black "Delgado Ramirez, Neuris"]
[Result "0-1"]
[WhiteElo "2369"]
[BlackElo "2609"]
[PlyCount "128"]
[EventDate "2016.01.16"]
[EventType "swiss"]
[EventRounds "10"]
[EventCountry "BRA"]
[SourceTitle "CBM 170 Extra"]
[Source "ChessBase"]
[SourceDate "2016.02.25"]
[SourceVersion "1"]
[SourceVersionDate "2016.02.25"]
[SourceQuality "1"]

1. d4 Nf6 2. c4 e6 3. Nc3 Bb4 4. Qc2 O-O 5. a3 Bxc3+ 6. Qxc3 b5 7. cxb5 c6 8.
Bg5 cxb5 9. e3 Bb7 10. Nf3 a6 11. Be2 Nc6 12. O-O Rc8 13. Bh4 Ne7 14. Qb4 Ned5
15. Qb3 Nb6 16. Ne5 Qc7 17. Qd1 d6 18. Nd3 Nfd7 19. Bg3 Nf6 20. Nc5 Ne4 21.
Nxe4 Bxe4 22. f3 Bd5 23. Rc1 Bc4 24. Bd3 Qd7 25. b3 Bxd3 26. Qxd3 Rc6 27. e4 d5
28. e5 Rfc8 29. Bf4 Rxc1 30. Rxc1 Rxc1+ 31. Bxc1 a5 32. Bd2 a4 33. Ba5 Qc6 34.
Bxb6 Qxb6 35. Qc3 f6 36. exf6 axb3 37. fxg7 Kxg7 38. f4 Qa7 39. Qb4 Qc7 40.
Qxb3 Qc1+ 41. Kf2 Qxf4+ 42. Ke2 Qxh2 43. Qf3 Qh4 44. Kd3 Qf6 45. Qe2 Qe7 46.
Qg4+ Kf7 47. Qf4+ Qf6 48. Qc7+ Kg6 49. Kc3 Qg5 50. Qb6 Qc1+ 51. Kb3 Qc4+ 52.
Kb2 Kf5 53. g4+ Kf4 54. Qb8+ Kf3 55. Qe5 Qe2+ 56. Qxe2+ Kxe2 57. Kc3 Ke3 58.
Kb4 Kxd4 59. Kxb5 Kc3 60. a4 d4 61. a5 d3 62. a6 d2 63. a7 d1=Q 64. a8=Q Qd5+
0-1

[Event "Florianopolis op 2nd"]
[Site "Florianopolis"]
[Date "2016.01.21"]
[Round "8"]
[White "Granda Zuniga, Julio E"]
[Black "Delgado Ramirez, Neuris"]
[Result "1-0"]
[WhiteElo "2683"]
[BlackElo "2609"]
[PlyCount "115"]
[EventDate "2016.01.16"]
[EventType "swiss"]
[EventRounds "10"]
[EventCountry "BRA"]
[SourceTitle "CBM 170 Extra"]
[Source "ChessBase"]
[SourceDate "2016.02.25"]
[SourceVersion "1"]
[SourceVersionDate "2016.02.25"]
[SourceQuality "1"]

1. Nf3 d5 2. g3 Bg4 3. Bg2 Nd7 4. O-O c6 5. h3 Bh5 6. d3 e6 7. e4 Bd6 8. Qe1
Ne7 9. Nc3 O-O 10. Ne2 e5 11. g4 Bg6 12. Ng3 f6 13. Nh4 Bf7 14. Nhf5 Nxf5 15.
gxf5 dxe4 16. Qxe4 Kh8 17. Qh4 Rg8 18. Kh1 Nf8 19. Be3 Bd5 20. Rg1 Be7 21. Be4
g6 22. Kh2 Qe8 23. fxg6 Nxg6 24. Qh5 Bxe4 25. dxe4 Nf4 26. Qxe8 Rgxe8 27. Nf5
Bf8 28. Rg4 b6 29. Rag1 h6 30. Bxf4 exf4 31. Rg6 Kh7 32. Rxf6 Rxe4 33. Rxc6 Re2
34. Rc7+ Kh8 35. Nh4 Rxf2+ 36. Kh1 f3 37. Ng6+ Kg8 38. Ne5+ Rg2 39. Nxf3 Rxg1+
40. Kxg1 Re8 41. Kf1 a5 42. Rc6 b5 43. Nd4 Re4 44. c3 b4 45. Kf2 bxc3 46. bxc3
Rh4 47. Kg3 Re4 48. Re6 Rxe6 49. Nxe6 Bd6+ 50. Kg4 Kf7 51. Kf5 a4 52. c4 Ke7
53. c5 Bg3 54. Nd4 h5 55. Ke4 Kd7 56. Kd5 Kc7 57. Nb5+ Kb7 58. Nc3 1-0

[Event "Florianopolis op 2nd"]
[Site "Florianopolis"]
[Date "2016.01.21"]
[Round "9"]
[White "Delgado Ramirez, Neuris"]
[Black "Supi, Luis Paulo"]
[Result "1/2-1/2"]
[WhiteElo "2609"]
[BlackElo "2449"]
[PlyCount "56"]
[EventDate "2016.01.16"]
[EventType "swiss"]
[EventRounds "10"]
[EventCountry "BRA"]
[SourceTitle "CBM 170 Extra"]
[Source "ChessBase"]
[SourceDate "2016.02.25"]
[SourceVersion "1"]
[SourceVersionDate "2016.02.25"]
[SourceQuality "1"]

1. e4 c5 2. Nf3 e6 3. Nc3 a6 4. g3 d6 5. Bg2 Nc6 6. O-O Nf6 7. d3 Be7 8. Ng5 h6
9. Nh3 Bd7 10. f4 b5 11. Nf2 b4 12. Ne2 a5 13. a3 e5 14. c3 O-O 15. Be3 bxc3
16. bxc3 Rb8 17. d4 cxd4 18. cxd4 Ng4 19. Nxg4 Bxg4 20. d5 Nd4 21. Bxd4 exd4
22. Bf3 Bxf3 23. Rxf3 Bf6 24. Qd3 Re8 25. Nxd4 Qb6 26. Rd1 Bxd4+ 27. Qxd4 Rxe4
28. Qxb6 Rxb6 1/2-1/2

[Event "Florianopolis op 2nd"]
[Site "Florianopolis"]
[Date "2016.01.22"]
[Round "10"]
[White "Delgado Ramirez, Neuris"]
[Black "Umetsubo, Cesar Hidemitsu"]
[Result "1-0"]
[WhiteElo "2609"]
[BlackElo "2370"]
[PlyCount "69"]
[EventDate "2016.01.16"]
[EventType "swiss"]
[EventRounds "10"]
[EventCountry "BRA"]
[SourceTitle "CBM 170 Extra"]
[Source "ChessBase"]
[SourceDate "2016.02.25"]
[SourceVersion "1"]
[SourceVersionDate "2016.02.25"]
[SourceQuality "1"]

1. e4 c5 2. Nf3 e6 3. d4 cxd4 4. Nxd4 a6 5. Bd3 Bc5 6. c3 d6 7. Qg4 Nf6 8. Qg3
e5 9. Nb3 Ba7 10. Bg5 Be6 11. Bxf6 Qxf6 12. N1d2 O-O 13. O-O Nc6 14. Bc4 Ne7
15. Bxe6 Qxe6 16. Rad1 f5 17. c4 Rf6 18. Qd3 f4 19. Rc1 Rc8 20. Na5 b6 21. Nab3
Rcf8 22. Kh1 Rh6 23. Rc3 g5 24. c5 d5 25. Qxa6 Qd7 26. exd5 Nxd5 27. Rd3 f3 28.
Rxf3 Rxf3 29. Nxf3 e4 30. Ne5 Qf5 31. Qxa7 Qxe5 32. h3 g4 33. Qd7 Nf6 34. Qc8+
Kg7 35. cxb6 1-0

[Event "Florianopolis 3rd"]
[Site "Florianopolis"]
[Date "2016.01.23"]
[Round "1"]
[White "Delgado Ramirez, Neuris"]
[Black "Dejeanne, Francisco Horacio"]
[Result "1-0"]
[WhiteElo "2609"]
[BlackElo "2249"]
[PlyCount "73"]
[EventDate "2016.01.23"]
[EventType "tourn"]
[EventRounds "9"]
[EventCountry "BRA"]
[EventCategory "6"]
[SourceTitle "CBM 170 Extra"]
[Source "ChessBase"]
[SourceDate "2016.02.25"]
[SourceVersion "1"]
[SourceVersionDate "2016.02.25"]
[SourceQuality "1"]

1. e4 e6 2. d4 d5 3. Nd2 c5 4. exd5 exd5 5. Ngf3 Nc6 6. Bb5 Bd6 7. dxc5 Bxc5 8.
O-O Nge7 9. Nb3 Bd6 10. Bg5 O-O 11. Bh4 Qc7 12. Bg3 Rd8 13. c3 Bg4 14. Bd3 h6
15. Re1 Bh5 16. Re3 Qb6 17. Qe2 Bg6 18. Bxd6 Rxd6 19. Re1 Bxd3 20. Qxd3 Ng6 21.
h4 Nf8 22. h5 Rad8 23. Nh4 Re6 24. Nf5 Rxe3 25. Rxe3 Ne6 26. Qe2 Qc7 27. g3 Kf8
28. Rxe6 fxe6 29. Nc5 Kg8 30. Nxe6 Re8 31. Nxh6+ Kh8 32. Qf3 Rxe6 33. Qf8+ Kh7
34. Nf7 Re1+ 35. Kg2 Qb8 36. Ng5+ Kh6 37. Qf5 1-0

[Event "Florianopolis 3rd"]
[Site "Florianopolis"]
[Date "2016.01.23"]
[Round "2"]
[White "Cubas, Jose Fernando"]
[Black "Delgado Ramirez, Neuris"]
[Result "1/2-1/2"]
[WhiteElo "2425"]
[BlackElo "2609"]
[PlyCount "133"]
[EventDate "2016.01.23"]
[EventType "tourn"]
[EventRounds "9"]
[EventCountry "BRA"]
[EventCategory "6"]
[SourceTitle "CBM 170 Extra"]
[Source "ChessBase"]
[SourceDate "2016.02.25"]
[SourceVersion "1"]
[SourceVersionDate "2016.02.25"]
[SourceQuality "1"]

1. e4 c5 2. Nf3 d6 3. d4 cxd4 4. Nxd4 Nf6 5. Nc3 a6 6. Be3 Ng4 7. Bc1 Nf6 8.
Be3 Ng4 9. Bg5 h6 10. Bh4 g5 11. Bg3 Bg7 12. Be2 h5 13. Nf5 Bxf5 14. exf5 Qa5
15. O-O Nf6 16. Re1 h4 17. Bxd6 Nc6 18. Bf3 O-O-O 19. Bxc6 Rxd6 20. Bxb7+ Kb8
21. Qf3 g4 22. Qf4 Bh6 23. Qc4 Kxb7 24. Rxe7+ Kb8 25. Ne4 Nxe4 26. Qxe4 Qb6 27.
Qxg4 Bd2 28. Rxf7 Qxb2 29. Rf1 Ba5 30. Qe4 Bc7 31. c3 Rhd8 32. Qxh4 Rd1 33. Qc4
Rxf1+ 34. Qxf1 Bb6 35. h3 Bxf2+ 36. Kh2 Bc5 37. h4 Bd6+ 38. Kh3 Rc8 39. Qf3 Qb1
40. Qd5 Rxc3+ 41. Kg4 Qb4+ 42. Kh5 Rg3 43. Qd1 Be7 44. f6 Qc5+ 45. Kh6 Qf5 46.
Qh5 Qf4+ 47. Kh7 Qe4+ 48. Kh8 Qd4 49. Kh7 Qd3+ 50. Kh6 Bd6 51. Rg7 Bf4+ 52. Rg5
Qd8 53. Kg7 Bxg5 54. hxg5 Rc3 55. g6 Qd4 56. Qg5 Rc6 57. g3 Qb2 58. Qf4+ Rc7+
59. Kg8 Qc2 60. g7 Qxa2+ 61. f7 Kb7 62. Qe4+ Ka7 63. Qd4+ Kb7 64. Qe4+ Ka7 65.
Qe3+ Kb7 66. Qe4+ Ka7 67. Qd4+ 1/2-1/2

[Event "Florianopolis 3rd"]
[Site "Florianopolis"]
[Date "2016.01.24"]
[Round "3"]
[White "Delgado Ramirez, Neuris"]
[Black "Gauche, Charles"]
[Result "1-0"]
[WhiteElo "2609"]
[BlackElo "2250"]
[PlyCount "77"]
[EventDate "2016.01.23"]
[EventType "tourn"]
[EventRounds "9"]
[EventCountry "BRA"]
[EventCategory "6"]
[SourceTitle "CBM 170 Extra"]
[Source "ChessBase"]
[SourceDate "2016.02.25"]
[SourceVersion "1"]
[SourceVersionDate "2016.02.25"]
[SourceQuality "1"]

1. e4 c5 2. Nf3 Nc6 3. Bb5 e6 4. O-O d6 5. Bxc6+ bxc6 6. e5 d5 7. d3 Ne7 8. Nc3
Ba6 9. b3 Nc8 10. Ne2 Nb6 11. c4 Be7 12. Be3 O-O 13. Rc1 Nd7 14. Re1 Qb8 15.
Bf4 Rc8 16. h4 Bd8 17. Ng3 Nf8 18. Re2 Ng6 19. Bg5 Ba5 20. Bd2 Bb4 21. h5 Ne7
22. h6 g6 23. a3 Bxd2 24. Qxd2 Qb6 25. Qg5 Qd8 26. Qf6 Qf8 27. Ng5 Rc7 28. Re3
Re8 29. Rf3 Nc8 30. cxd5 cxd5 31. Rxc5 Rce7 32. Nh5 Nb6 33. Qf4 Nd7 34. Nf6+
Nxf6 35. Qxf6 Qxh6 36. Rh3 Qg7 37. Rxh7 Qxf6 38. exf6 Rd7 39. Rg7+ 1-0

[Event "Florianopolis 3rd"]
[Site "Florianopolis"]
[Date "2016.01.25"]
[Round "4"]
[White "Quintiliano Pinto, Renato Rodrigues"]
[Black "Delgado Ramirez, Neuris"]
[Result "0-1"]
[WhiteElo "2430"]
[BlackElo "2609"]
[PlyCount "108"]
[EventDate "2016.01.23"]
[EventType "tourn"]
[EventRounds "9"]
[EventCountry "BRA"]
[EventCategory "6"]
[SourceTitle "CBM 170 Extra"]
[Source "ChessBase"]
[SourceDate "2016.02.25"]
[SourceVersion "1"]
[SourceVersionDate "2016.02.25"]
[SourceQuality "1"]

1. d4 Nf6 2. c4 e6 3. Nf3 b6 4. g3 Ba6 5. b3 d5 6. Bg2 Bb4+ 7. Bd2 Be7 8. cxd5
exd5 9. Nc3 O-O 10. O-O Bb7 11. Qc2 Na6 12. Rfd1 Nb4 13. Qb2 a5 14. Rac1 Re8
15. a3 Na6 16. Bf4 Nh5 17. Be3 c6 18. Ne5 Bd6 19. Bf3 Nf6 20. Bf4 Qe7 21. Nb1
Rac8 22. Rc2 h6 23. Nd3 Nc7 24. Bxd6 Qxd6 25. Nc3 Ne6 26. e3 c5 27. Ne2 Ba6 28.
dxc5 bxc5 29. Ndf4 Bxe2 30. Nxe2 Rcd8 31. Bg2 Qb6 32. Rcd2 Rb8 33. Bxd5 Nxd5
34. Rxd5 Qxb3 35. Qc3 Qxc3 36. Nxc3 Rb3 37. Ne4 Rc8 38. Nd6 Rc7 39. Nc4 Rc3 40.
Nxa5 c4 41. Rd6 Rxa3 42. Nc6 c3 43. Kg2 Nc5 44. Nd4 Rc8 45. Nf5 Kh7 46. Ne7 Re8
47. Nd5 c2 48. Rf1 Nb3 49. Rc6 Ra2 50. Nb4 c1=Q 51. Rfxc1 Nxc1 52. Rxc1 Rb2 53.
Nd3 Rd2 54. Rc3 Rxe3 0-1

[Event "Florianopolis 3rd"]
[Site "Florianopolis"]
[Date "2016.01.25"]
[Round "5"]
[White "Delgado Ramirez, Neuris"]
[Black "Rodriguez Vila, Andres"]
[Result "0-1"]
[WhiteElo "2609"]
[BlackElo "2487"]
[PlyCount "70"]
[EventDate "2016.01.23"]
[EventType "tourn"]
[EventRounds "9"]
[EventCountry "BRA"]
[EventCategory "6"]
[SourceTitle "CBM 170 Extra"]
[Source "ChessBase"]
[SourceDate "2016.02.25"]
[SourceVersion "1"]
[SourceVersionDate "2016.02.25"]
[SourceQuality "1"]

1. e4 c5 2. Nf3 g6 3. c3 Bg7 4. d4 cxd4 5. cxd4 d5 6. e5 Bg4 7. Bb5+ Nd7 8. Nc3
e6 9. h3 Bxf3 10. Qxf3 Ne7 11. Bg5 O-O 12. Bxd7 Qxd7 13. O-O Nf5 14. Rad1 h6
15. Bf4 Rac8 16. Rd3 b5 17. Qd1 Rc4 18. g4 Ne7 19. Bd2 b4 20. Na4 Qb5 21. b3
Rc7 22. Be3 Rfc8 23. f4 Rc2 24. Rf2 Rxf2 25. Kxf2 Nc6 26. Rd2 f6 27. Rc2 g5 28.
exf6 Bxf6 29. fxg5 Bxg5 30. Bxg5 Rf8+ 31. Kg2 hxg5 32. Nc5 Nxd4 33. Qxd4 Qf1+
34. Kh2 Rf3 35. Rg2 Qe1 0-1

[Event "Florianopolis 3rd"]
[Site "Florianopolis"]
[Date "2016.01.26"]
[Round "6"]
[White "Delgado Ramirez, Neuris"]
[Black "Rezende, Guilherme Vilela"]
[Result "1-0"]
[WhiteElo "2609"]
[BlackElo "2130"]
[PlyCount "37"]
[EventDate "2016.01.23"]
[EventType "tourn"]
[EventRounds "9"]
[EventCountry "BRA"]
[EventCategory "6"]
[SourceTitle "CBM 170 Extra"]
[Source "ChessBase"]
[SourceDate "2016.02.25"]
[SourceVersion "1"]
[SourceVersionDate "2016.02.25"]
[SourceQuality "1"]

1. e4 c5 2. Nf3 d6 3. c3 Nf6 4. Be2 e6 5. O-O Be7 6. Re1 O-O 7. Bf1 e5 8. d4
Qc7 9. h3 a6 10. Nbd2 Re8 11. a4 b6 12. dxe5 dxe5 13. Bc4 Bb7 14. Qe2 Nc6 15.
Bxf7+ Kxf7 16. Ng5+ Kg6 17. Ngf3 Nh5 18. Nh4+ Kf6 19. Qxh5 1-0

[Event "Florianopolis 3rd"]
[Site "Florianopolis"]
[Date "2016.01.27"]
[Round "7"]
[White "Molina, Roberto Junio Brito"]
[Black "Delgado Ramirez, Neuris"]
[Result "0-1"]
[WhiteElo "2436"]
[BlackElo "2609"]
[PlyCount "106"]
[EventDate "2016.01.23"]
[EventType "tourn"]
[EventRounds "9"]
[EventCountry "BRA"]
[EventCategory "6"]
[SourceTitle "CBM 170 Extra"]
[Source "ChessBase"]
[SourceDate "2016.02.25"]
[SourceVersion "1"]
[SourceVersionDate "2016.02.25"]
[SourceQuality "1"]

1. d4 Nf6 2. c4 e6 3. g3 c5 4. d5 exd5 5. cxd5 d6 6. Bg2 g6 7. Nc3 a6 8. a4 Bg7
9. Nf3 O-O 10. O-O Re8 11. Nd2 Nbd7 12. Nc4 Nb6 13. Na3 Bd7 14. Qb3 Nxa4 15.
Nxa4 b5 16. Nc3 b4 17. Nab1 bxc3 18. Nxc3 Rb8 19. Qc2 Qb6 20. h3 Bb5 21. Nxb5
Qxb5 22. e3 Nd7 23. Rd1 c4 24. Bf1 Rec8 25. e4 Qb6 26. Ra2 c3 27. bxc3 Rxc3 28.
Qe2 Rxg3+ 29. Kh1 Rc3 30. Rxa6 Qc7 31. Be3 Ne5 32. f4 Nd7 33. Bg2 Nf6 34. Ra7
Qc8 35. Rd3 Nxe4 36. Rxc3 Ng3+ 37. Kh2 Qxc3 38. Qd2 Nf5 39. Qxc3 Bxc3 40. Ra3
Nxe3 41. Rxc3 Nxg2 42. Kxg2 Rb5 43. Rd3 Kg7 44. Rd4 Kf6 45. Kf3 Kf5 46. Kg3
Rb3+ 47. Kg2 h5 48. Rd2 Re3 49. Ra2 Rd3 50. Ra7 f6 51. Ra6 Rxd5 52. Kg3 Rd3+
53. Kh4 g5+ 0-1

[Event "Florianopolis 3rd"]
[Site "Florianopolis"]
[Date "2016.01.27"]
[Round "8"]
[White "Delgado Ramirez, Neuris"]
[Black "Di Berardino, Diego Rafael"]
[Result "1/2-1/2"]
[WhiteElo "2609"]
[BlackElo "2512"]
[PlyCount "70"]
[EventDate "2016.01.23"]
[EventType "tourn"]
[EventRounds "9"]
[EventCountry "BRA"]
[EventCategory "6"]
[SourceTitle "CBM 170 Extra"]
[Source "ChessBase"]
[SourceDate "2016.02.25"]
[SourceVersion "1"]
[SourceVersionDate "2016.02.25"]
[SourceQuality "1"]

1. d4 Nf6 2. Bg5 e6 3. e4 h6 4. Bxf6 Qxf6 5. c3 d5 6. Nd2 c5 7. Ngf3 cxd4 8.
Nxd4 Bd7 9. exd5 exd5 10. Qf3 Qxf3 11. N2xf3 Nc6 12. Bb5 Bd6 13. O-O O-O-O 14.
Rfe1 Rde8 15. Rxe8+ Rxe8 16. Kf1 a6 17. Nxc6 Bxc6 18. Bd3 Kc7 19. Rd1 Bc5 20.
h3 Kd6 21. Be2 Re4 22. Nd2 Rf4 23. Bf3 d4 24. Bxc6 dxc3 25. Bf3 cxd2 26. Rxd2+
Kc7 27. Ke2 b6 28. a3 Rf6 29. a4 a5 30. b3 g6 31. Rd3 h5 32. h4 Rf5 33. Rd5 Rf6
34. Rd3 Rf5 35. Rd5 Rf6 1/2-1/2

[Event "Florianopolis 3rd"]
[Site "Florianopolis"]
[Date "2016.01.28"]
[Round "9"]
[White "Umetsubo, Cesar Hidemitsu"]
[Black "Delgado Ramirez, Neuris"]
[Result "0-1"]
[WhiteElo "2370"]
[BlackElo "2609"]
[PlyCount "64"]
[EventDate "2016.01.23"]
[EventType "tourn"]
[EventRounds "9"]
[EventCountry "BRA"]
[EventCategory "6"]
[SourceTitle "CBM 170 Extra"]
[Source "ChessBase"]
[SourceDate "2016.02.25"]
[SourceVersion "1"]
[SourceVersionDate "2016.02.25"]
[SourceQuality "1"]

1. e4 c5 2. Nf3 d6 3. d4 cxd4 4. Nxd4 Nf6 5. Nc3 a6 6. Be2 e5 7. Nb3 Be7 8. Be3
b6 9. Nd5 Nbd7 10. Nxe7 Qxe7 11. f3 Bb7 12. c4 O-O 13. O-O Nh5 14. Qd2 Nc5 15.
Rfd1 Rad8 16. Nc1 a5 17. b4 axb4 18. Qxb4 f5 19. exf5 Rxf5 20. Qxb6 e4 21. f4
Nxf4 22. Bf1 Rdf8 23. Ne2 Nfd3 24. Ng3 R5f6 25. Be2 Qe5 26. Rf1 Nf4 27. Rad1
Nxe2+ 28. Nxe2 Rxf1+ 29. Rxf1 Rxf1+ 30. Kxf1 Qa1+ 31. Bc1 Qf6+ 32. Bf4 e3 0-1

[Event "Brasilia Ascade op"]
[Site "Brasilia"]
[Date "2016.01.29"]
[Round "1"]
[White "Delgado Ramirez, Neuris"]
[Black "Zandonai Ignacio, Antonio Carlos"]
[Result "1-0"]
[WhiteElo "2609"]
[BlackElo "1669"]
[PlyCount "111"]
[EventDate "2016.01.29"]
[EventType "swiss"]
[EventRounds "5"]
[EventCountry "BRA"]
[SourceTitle "CBM 170 Extra"]
[Source "ChessBase"]
[SourceDate "2016.02.25"]
[SourceVersion "1"]
[SourceVersionDate "2016.02.25"]
[SourceQuality "1"]

1. e4 e6 2. d4 d5 3. Nd2 Nf6 4. e5 Nfd7 5. f4 c5 6. c3 Nc6 7. Ndf3 f6 8. Bd3
Qb6 9. a3 Be7 10. Bc2 c4 11. Nh3 Na5 12. O-O f5 13. Nfg5 g6 14. Ba4 h6 15. Nf3
a6 16. Nd2 Qc7 17. g4 b5 18. Bc2 Nb6 19. Rf2 Bd7 20. Rg2 O-O-O 21. Nf1 Rdg8 22.
Ne3 Kb7 23. Bd2 Nc6 24. Kh1 h5 25. gxf5 gxf5 26. Rxg8 Rxg8 27. Qxh5 a5 28. Rg1
Rxg1+ 29. Kxg1 b4 30. axb4 axb4 31. Ng5 b3 32. Bd1 Na4 33. Bc1 Qa5 34. Nf3 Nxb2
35. Bxb2 Qa2 36. Bxb3 Qxb3 37. Bc1 Qb1 38. Kf2 Qxc1 39. Qf7 Qxc3 40. h4 Qb2+
41. Kg3 Qa3 42. Kf2 Qa8 43. h5 Qf8 44. Qg6 Nd8 45. Ng5 Be8 46. Qh7 Nf7 47. Nxe6
Qh8 48. Qxf5 Kc6 49. Qh3 Nd8 50. Nxd8+ Bxd8 51. Qc8+ Bc7 52. Qa8+ Kd7 53. Nxd5
Qf8 54. Nf6+ Ke7 55. Qa3+ Kf7 56. e6+ 1-0

[Event "Brasilia Ascade op"]
[Site "Brasilia"]
[Date "2016.01.30"]
[Round "2"]
[White "Maciel, Diogo Alves"]
[Black "Delgado Ramirez, Neuris"]
[Result "0-1"]
[WhiteElo "1920"]
[BlackElo "2609"]
[PlyCount "62"]
[EventDate "2016.01.29"]
[EventType "swiss"]
[EventRounds "5"]
[EventCountry "BRA"]
[SourceTitle "CBM 170 Extra"]
[Source "ChessBase"]
[SourceDate "2016.02.25"]
[SourceVersion "1"]
[SourceVersionDate "2016.02.25"]
[SourceQuality "1"]

1. e4 c5 2. Nf3 d6 3. d4 cxd4 4. Nxd4 Nf6 5. Nc3 Nc6 6. Be2 e5 7. Nb3 Be7 8.
Bg5 O-O 9. Bxf6 Bxf6 10. O-O Be6 11. Nd5 Bg5 12. g3 Ne7 13. h4 Bxd5 14. exd5
Bh6 15. Bg4 f5 16. Bh3 Qb6 17. c4 Rac8 18. c5 dxc5 19. d6 Rfd8 20. dxe7 Rxd1
21. Rfxd1 Re8 22. Bxf5 c4 23. Nd2 Bxd2 24. Rxd2 g6 25. Be4 Rxe7 26. Bd5+ Kg7
27. Bxc4 e4 28. Kh2 e3 29. fxe3 Qc7 30. Rd4 b5 31. Bxb5 Qc2+ 0-1

[Event "Brasilia Ascade op"]
[Site "Brasilia"]
[Date "2016.01.30"]
[Round "3"]
[White "Delgado Ramirez, Neuris"]
[Black "Pottker, Gustavo Sartori"]
[Result "1-0"]
[WhiteElo "2609"]
[BlackElo "2100"]
[PlyCount "99"]
[EventDate "2016.01.29"]
[EventType "swiss"]
[EventRounds "5"]
[EventCountry "BRA"]
[SourceTitle "CBM 170 Extra"]
[Source "ChessBase"]
[SourceDate "2016.02.25"]
[SourceVersion "1"]
[SourceVersionDate "2016.02.25"]
[SourceQuality "1"]

1. d4 Nf6 2. Bg5 d5 3. Bxf6 exf6 4. e3 Bd6 5. c4 dxc4 6. Bxc4 O-O 7. Ne2 c5 8.
Nbc3 cxd4 9. Nxd4 Nc6 10. Nxc6 bxc6 11. O-O Qe7 12. Qc2 Rb8 13. Rfd1 Qe5 14. g3
Rb4 15. b3 Bg4 16. Be2 Bf5 17. Bd3 Bg4 18. Be2 Bf5 19. Qd2 Rd8 20. Na4 Rbb8 21.
Rac1 Qe7 22. Qe1 Bb4 23. Qf1 Rxd1 24. Rxd1 Rd8 25. Bf3 c5 26. Rxd8+ Qxd8 27.
Qc1 Qd3 28. a3 Bd2 29. Qd1 Be6 30. Nxc5 Qd8 31. b4 f5 32. Nb3 Bxb3 33. Qxb3 Qc7
34. Qd5 Qc1+ 35. Kg2 g6 36. Qd8+ Kg7 37. Qd4+ Kh6 38. Qxa7 Qb2 39. Qxf7 Bc3 40.
Qf8+ Bg7 41. Qa8 Bc3 42. h4 Kg7 43. Qb7+ Kh6 44. Qa8 Kg7 45. Bd5 Kh6 46. g4
fxg4 47. Qf8+ Kh5 48. Qf4 Bf6 49. Be6 Qe5 50. Bxg4+ 1-0

[Event "Brasilia Ascade op"]
[Site "Brasilia"]
[Date "2016.01.31"]
[Round "4"]
[White "Rezende, Guilherme Vilela"]
[Black "Delgado Ramirez, Neuris"]
[Result "0-1"]
[WhiteElo "2130"]
[BlackElo "2609"]
[PlyCount "52"]
[EventDate "2016.01.29"]
[EventType "swiss"]
[EventRounds "5"]
[EventCountry "BRA"]
[SourceTitle "CBM 170 Extra"]
[Source "ChessBase"]
[SourceDate "2016.02.25"]
[SourceVersion "1"]
[SourceVersionDate "2016.02.25"]
[SourceQuality "1"]

1. c4 b6 2. Nc3 Bb7 3. e4 e5 4. d3 Bc5 5. Nf3 Nc6 6. g3 Nge7 7. Bg2 O-O 8. O-O
d6 9. Na4 Qd7 10. Nc3 Rae8 11. h4 f5 12. Bh3 Qd8 13. Ng5 Bc8 14. exf5 Bxf5 15.
Ne6 Qc8 16. Bxf5 Nxf5 17. Nxc5 bxc5 18. Qg4 Ncd4 19. Ne4 Nxg3 20. Qxc8 Nge2+
21. Kg2 Rxc8 22. Be3 Nf4+ 23. Bxf4 Rxf4 24. Rh1 Rcf8 25. Rac1 Nf3 26. h5 Nd2
0-1

[Event "Brasilia Ascade op"]
[Site "Brasilia"]
[Date "2016.01.31"]
[Round "5"]
[White "Delgado Ramirez, Neuris"]
[Black "Shumyatsky, Victor"]
[Result "1/2-1/2"]
[WhiteElo "2609"]
[BlackElo "2443"]
[PlyCount "87"]
[EventDate "2016.01.29"]
[EventType "swiss"]
[EventRounds "5"]
[EventCountry "BRA"]
[SourceTitle "CBM 170 Extra"]
[Source "ChessBase"]
[SourceDate "2016.02.25"]
[SourceVersion "1"]
[SourceVersionDate "2016.02.25"]
[SourceQuality "1"]

1. e4 c5 2. Nf3 Nc6 3. Bb5 d6 4. O-O Bd7 5. Re1 Nf6 6. Bxc6 Bxc6 7. d4 cxd4 8.
Nxd4 e6 9. Qd3 Be7 10. c4 Rc8 11. Nc3 O-O 12. Nxc6 Rxc6 13. b3 Nd7 14. Bb2 Bf6
15. Qd2 a6 16. Ne2 Bxb2 17. Qxb2 Nc5 18. Nd4 Rc8 19. Qd2 Qh4 20. Nf3 Qe7 21.
Rad1 Rfd8 22. Qe2 b6 23. Rd4 h6 24. Red1 Qc7 25. h3 Nb7 26. e5 dxe5 27. Nxe5
Rxd4 28. Rxd4 Rd8 29. Rxd8+ Nxd8 30. Qe4 Qd6 31. Qa8 Kh7 32. Qe4+ f5 33. Qe3
Nc6 34. Nxc6 Qxc6 35. Qe5 Kg6 36. g4 Qd7 37. gxf5+ exf5 38. b4 Kf7 39. c5 bxc5
40. bxc5 Qe6 41. Qc3 Qc6 42. Qe5 Qe6 43. Qc3 Qc6 44. Qe5 1/2-1/2